Quiz sul Kenya - Statistics

Statistiche generali
  • Questo quiz è stato fatto 504 volte
  • Il punteggio medio è 13 su 20
Statistiche sulle risposte
Hint Risposta % Corretto
Capitale Nairobi
97%
Lingue ufficiali Inglese
93%
Paese europeo che ha controllato il Kenya tra il 1895 e il 1963 Regno Unito
91%
Tanzania
88%
Somalia
86%
Paesi confinanti Etiopia
85%
Uganda
83%
Presidente americano il cui padre nacque in Kenya Barack Obama
82%
Grande lago africano sulla quale si affaccia il Kenya Lago {Vittoria}
76%
Sud Sudan
76%
Il Kenya produce queste foglie più di qualsiasi paese eccetto Cina e India Thè
65%
Swahili
64%
Evento olimpico in cui il keniano Kelvin Kiptum ha ottenuto il record mondiale Maratona
62%
Montagna più alta (2a di tutta l'Africa) Kenya
50%
Valle che attraversa il paese Great {Rift} Valley
48%
Città più popolosa sulla costa Mombasa
47%
Causa di morte di una trentina di lavoratori mentre stavano costruendo una strada sul fiume Tsavo nel 1898 Attacco di leoni
40%
La gente viene a Masai Mara per vedere la migrazione annuale di questi mammiferi Gnu
38%
Moneta del Kenya Scellino
33%
Tra il 1952 e il 1960 questo partito politico intraprese una guerriglia contro il paese colonizzatore Mau-Mau
18%
Nessun quiz corrispondente trovato
Distribuzione punteggi
Percentuale di utenti per punteggio
Percentile per numero di risposta
I tuoi punteggi nel tempo
Non hai fatto questo quiz